000 00817cam a2200265 a 4500
999 _c1359
_d1359
001 79230
003 CoMeUDC
005 20210611143759.0
008 890801s1984 ck gr 00010 spa d
035 _aADR6586 LA
040 _aCO-BoBLA
_bspa
_cCO-UdeCO
041 0 _aspa
082 0 4 _a338.54
_bC44b
100 _aChild, Jorge
_91668
245 1 0 _aBancarrotas y crisis :
_bColombia 1842-1984, América Latina 1981-1984 /
_cJorge Child, Mario Arango.
260 _aColombia :
_bEditorial Presencia,
_c1984.
300 _a320 p ;
_c21 cm.
490 1 _aBiblioteca de El Espectador
650 4 _aSistema financiero
_z Colombia.
650 0 _aBancarrota.
_91047
_xColombia
651 4 _aColombia
_x Condiciones económicas.
700 1 _aArango Jaramillo, Mario.
942 _2ddc
_cBK
949 _ac
_bc